Impacts of Global Warming on Hungarian Tourism

Bibliographic Details
Main Author: Nagy Olívia Luca
Other Authors: Weninger Ágnes Rita
Format: Thesis
Kulcsszavak:consumer behaviour
global warming
Maslow pyramid
sustainability
tourism
Online Access:http://dolgozattar.uni-bge.hu/59489

MARC

LEADER 00000nta a2200000 i 4500
001 dolg59489
005 20260409145132.0
008 260409suuuu hu om 000 eng d
040 |a BGE Dolgozattár Repozitórium  |b hun 
041 |a en 
100 1 |a Nagy Olívia Luca 
245 1 0 |a Impacts of Global Warming on Hungarian Tourism  |c Nagy Olívia Luca  |h [elektronikus dokumentum] 
520 3 |a Global warming is a pressing matter recently in our society. It is slowly but surely reforming the economy of the world. Specifically the tourism industry is quite reliant on this issue. Besides the fact that tourism can be also one of the greatest causes of global warming. Tourism around the world is an important part of the economy. The GDP contribution of various countries could be dependent on this form of industry. This is one of the many reasons why tourism is vital. Without the attraction, or destination tourism loses its value. Nature is the basis of our existence. For this reason the need for maintaining a healthy environment is crucial. When the topic of climate change arises, many people could relate it to the subject of sustainability. 
695 |a consumer behaviour 
695 |a global warming 
695 |a Maslow pyramid 
695 |a sustainability 
695 |a tourism 
700 1 |a Weninger Ágnes Rita  |e ths 
856 4 0 |u http://dolgozattar.uni-bge.hu/59489/1/IMPACTS%20OF%20GLOBAL%20WARMING%20ON%20HUNGARIAN%20TOURISM.pdf  |z Dokumentum-elérés 
856 4 0 |u http://dolgozattar.uni-bge.hu/59489/2/Nagy_Olivia_Luca_opponent_Kovacs_Edina%20.pdf  |z Dokumentum-elérés 
856 4 0 |u http://dolgozattar.uni-bge.hu/59489/3/Nagy%20Ol%C3%ADvia_Supervisor_Weninger%20%C3%81gnes.pdf  |z Dokumentum-elérés